უბედური რუსი : (ბიბ.ჩანაწერი № 40771)
[ მარტივი ფორმატი ]
| 000 -ლიდერი | |
|---|---|
| ფიქსირებული სიგრძის საკონტროლო ველი | 01011nam a2200229Ia 4500 |
| 001 - საკონტროლო ნომერი | |
| საკონტროლო ველი | 7410 |
| 003 - საკონტროლო ნომრის იდენტიფიკატორი | |
| საკონტროლო ველი | GE_BSU |
| 005 - ბოლო ოპერაციის თარიღი და დრო | |
| საკონტროლო ველი | 20231128161133.0 |
| 008 - ფიქსირებული სიგრძის მონაცემთა ელემენტები - ზოგადი ინფორმაცია | |
| ფიქსირებული სიგრძის საკონტროლო ველი | 181216s1990||||ge |||||||||||||| ||geo|| |
| 040 ## - კატალოგიზაციის წყარო | |
| Transcribing agency | GE_BSU |
| 041 ## - ენის კოდი | |
| Language code of text/sound track or separate title | geo |
| 080 ## - უნივერსალური ათობითი კლასიფიკაციის ინდექსი | |
| Universal Decimal Classification number | 821.353.1-311.6 დ-14 |
| 100 ## - მთავარი ჩანაწერი - პიროვნების სახელი | |
| Personal name | დადიანი, შალვა |
| 9 (RLIN) | 20494 |
| 245 ## - ცნობა სათაურის შესახებ | |
| Title | უბედური რუსი : |
| Remainder of title | რომანი / |
| Statement of responsibility, etc | შალვა დადიანი ; რედ. ლალი თურბანდიშვილი ; შემდგ. : გ. გვერდწითელი, გ. ფანჯიკიძე. |
| 264 ## - წარმოების, გამოცემის, დისტრიბუციის და სხვა ცნობები | |
| გამოცემის, წარმოების, დისტრიბუციის... ადგილი | თბილისი : |
| გამოცემის, წარმოების, დისტრიბუციის... სახელწოდება | მერანი, |
| გამოცემის, წარმოების, დისტრიბუციის... თარიღი | 1990. |
| 300 ## - ფიზიკური აღწერა | |
| Extent | 400 გვ. : |
| Other physical details | ილ. ; |
| Dimensions | 21სმ. |
| 490 ## - სერიის ცნობა | |
| Series statement | ქართული ისტორიული პროზა |
| 653 ## - INDEX TERM--UNCONTROLLED | |
| Uncontrolled term | რომანი |
| 653 ## - INDEX TERM--UNCONTROLLED | |
| Uncontrolled term | უბედური რუსი |
| 700 ## - ADDED ENTRY--PERSONAL NAME | |
| Personal name | თურბანდიშვილი, ლალი |
| Relator term | რედაქტორი |
| 9 (RLIN) | 20495 |
| 942 ## - ADDED ENTRY ELEMENTS (KOHA) | |
| Koha item type | წიგნი |
| Source of classification or shelving scheme | |
| ჩამოწერის სტატუსი | დაკარგული ეგზემპლარის სტატუსი | კლასიფიკაციის წყარო ან თაროზე გაწყობის სქემა | დაზიანების სტატუსი | არ გაიცემა | მუდმივი მდებარეობა (დაცვის ადგილი) | ამჟამინდელი ადგილსამყოფელი | თაროზე განთავსების ადგილი | შეძენის თარიღი | ღირებულება, შესყიდვის ნორმალური ფასი | სრული შენახვის შიფრი | შტრიხკოდი | ბოლო ოპერაციის თარიღი | ეგზემპლარის მიმდევრობითი ნომერი (კეტერი?) | ფასის ძალაში შესვლის თარიღი | ეგზემპლარის სახეობა | საჯარო შენიშვნა |
|---|---|---|---|---|---|---|---|---|---|---|---|---|---|---|---|---|
| ბათუმის შოთა რუსთაველის სახელმწიფო უნივერსიტეტის მთავარი ბიბლიოთეკა | ბათუმის შოთა რუსთაველის სახელმწიფო უნივერსიტეტის მთავარი ბიბლიოთეკა | წიგნსაცავი | 2018-12-17 | 8.00 | 821.353.1-311.6 დ-14 | 23205 | 2018-12-17 | 23205 | 2018-12-17 | წიგნი | 8.00 ₾. | |||||
| ბათუმის შოთა რუსთაველის სახელმწიფო უნივერსიტეტის მთავარი ბიბლიოთეკა | ბათუმის შოთა რუსთაველის სახელმწიფო უნივერსიტეტის მთავარი ბიბლიოთეკა | წიგნსაცავი | 2018-12-17 | 8.00 | 821.353.1-311.6 დ-14 | 23206 | 2018-12-17 | 23206 | 2018-12-17 | წიგნი | 8.00 ₾. | |||||
| ბათუმის შოთა რუსთაველის სახელმწიფო უნივერსიტეტის მთავარი ბიბლიოთეკა | ბათუმის შოთა რუსთაველის სახელმწიფო უნივერსიტეტის მთავარი ბიბლიოთეკა | წიგნსაცავი | 2018-12-17 | 8.00 | 821.353.1-311.6 დ-14 | 23207 | 2018-12-17 | 23207 | 2018-12-17 | წიგნი | 8.00 ₾. | |||||
| ბათუმის შოთა რუსთაველის სახელმწიფო უნივერსიტეტის მთავარი ბიბლიოთეკა | ბათუმის შოთა რუსთაველის სახელმწიფო უნივერსიტეტის მთავარი ბიბლიოთეკა | წიგნსაცავი | 2018-12-17 | 8.00 | 821.353.1-311.6 დ-14 | 23208 | 2018-12-17 | 23208 | 2018-12-17 | წიგნი | 8.00 ₾. | |||||
| ბათუმის შოთა რუსთაველის სახელმწიფო უნივერსიტეტის მთავარი ბიბლიოთეკა | ბათუმის შოთა რუსთაველის სახელმწიფო უნივერსიტეტის მთავარი ბიბლიოთეკა | წიგნსაცავი | 2018-12-17 | 8.00 | 821.353.1-311.6 დ-14 | 23209 | 2018-12-17 | 23209 | 2018-12-17 | წიგნი | 8.00 ₾. | |||||
| ბათუმის შოთა რუსთაველის სახელმწიფო უნივერსიტეტის მთავარი ბიბლიოთეკა | ბათუმის შოთა რუსთაველის სახელმწიფო უნივერსიტეტის მთავარი ბიბლიოთეკა | წიგნსაცავი | 2018-12-17 | 8.00 | 821.353.1-311.6 დ-14 | 23210 | 2018-12-17 | 23210 | 2018-12-17 | წიგნი | 8.00 ₾. |
